Historiske personer fra eldre historie (Bilder) - Statistics

General Stats
  • This quiz has been taken 202 times
  • The average score is 9 of 16
Answer Stats
Picture Hint Answer % Correct
Gresk filosof, den vestlige filosofiens grunnlegger, selvmord 399 f.v.t. Sokrates
87%
Romersk general og diktator, drept 44 f.v.t. Julius Caesar
77%
Gresk konge som erobret Perserriket, 300-tallet f.v.t. Aleksander den store
71%
Farao av Egypt, 1300-tallet f.v.t. Tutankhamon
70%
Den første romerske keiseren, 27 f.v.t.-14 v.t. Augustus
69%
Engelsk fysiker som forklarte bevegelseslovene og tyngdekraften i 1687 Isaac Newton
69%
Den største kunstneren fra renessansen, malte Mona Lisa i 1503 Leonardo da Vinci
69%
Den viktigste kongen for kristningen av Norge, døde ved Stiklestad i 1030 Olav den hellige
66%
Tysker som startet reformasjonen, 1517 Martin Luther
63%
Norges første konge, fra vikingtiden, 872 Harald Hårfagre
60%
Italiener som oppdaget Amerika for Spania, 1492 Christoffer Columbus
58%
Tysker som fant opp boktrykkerkunsten, ca. 1450 Johann Gutenberg
49%
Italiensk astronom og fysiker, kalt den moderne vitenskapens far, tidlig 1600-tallet Galileo Galilei
41%
Polsk astronom som fremmet det heliosentriske verdensbildet i 1543 Nicolaus Copernicus
36%
Grunnlegger av det store mongolriket, 1200-tallet Dsjengis Khan
24%
Dronningen av England fra 1558-1603 Elizabeth I
23%
No matching quizzes found
Score Distribution
Percent of People with Each Score
Percentile by Number Answered
Your Score History
You have not taken this quiz